| 000 | 00397nam a22001457a 4500 | ||
|---|---|---|---|
| 020 | _a0 471 263702 | ||
| 082 | _a519.535 FLE | ||
| 100 | _aFleiss Joseph L. | ||
| 245 | _aStatistical Methods for Rates and Proportions | ||
| 260 |
_aLondon _bJohn Wiley _c1973 |
||
| 300 |
_axiii,223p. _bill.:23cm |
||
| 500 | _ainclude index | ||
| 650 | _aStatistical Methods for Rates and Proportions | ||
| 942 | _cBK | ||
| 999 |
_c16418 _d16418 |
||